[Event "57th POL-ch"]
[Site "Plock POL"]
[Date "2000.04.05"]
[Round "6"]
[White "Blehm, Pawel"]
[Black "Kuczynski, Robert"]
[Result "1/2-1/2"]
[WhiteElo "2494"]
[BlackElo "2451"]
[EventDate "2000.03.31"]
[PlyCount "57"]

1.e4 c5 2.Nf3 d6 3.d4 cxd4 4.Nxd4 Nf6 5.Nc3 a6 6.Be3 e5 7.Nb3 Be7 8.f3 Be6
9.Qd2 O-O 10.O-O-O Nbd7 11.g4 Qc7 12.g5 Nh5 13.Kb1 b5 14.Ne2 Rfc8 15.Ng3 
Nf4 16.h4 Nb6 17.Bxf4 exf4 18.Nh5 Nc4 19.Bxc4 bxc4 20.Qc3 Bf8 21.Nd4 Rab8 
22.Nxf4 Re8 23.a3 Qc5 24.g6 hxg6 25.Ndxe6 fxe6 26.Nxg6 Rb7 27.Rhg1 Reb8 
28.Ka1 e5 29.Nxf8 1/2-1/2

[Event "57th POL-ch"]
[Site "Plock POL"]
[Date "2000.04.05"]
[Round "6"]
[White "Socko, Bartosz"]
[Black "Krasenkow, Michal"]
[Result "0-1"]
[WhiteElo "2556"]
[BlackElo "2661"]
[EventDate "2000.03.31"]
[PlyCount "84"]

1.e4 c5 2.Nf3 Nc6 3.d4 cxd4 4.Nxd4 Nf6 5.Nc3 e5 6.Ndb5 d6 7.Bg5 a6 8.Na3 
b5 9.Nd5 Be7 10.Bxf6 Bxf6 11.c3 O-O 12.Nc2 Bg5 13.a4 bxa4 14.Rxa4 a5 15.
Bc4 Rb8 16.Ra2 Kh8 17.O-O f5 18.exf5 Bxf5 19.Nce3 Bg6 20.Qa4 Qc8 21.Rd1 e4
22.b3 Bf7 23.Qa3 Qd7 24.Nf1 Ne5 25.Qxa5 Qg4 26.Nde3 Bxe3 27.Nxe3 Nf3+ 28.
Kh1 Qf4 29.gxf3 Qxf3+ 30.Kg1 Bxc4 31.bxc4 Rf6 32.Re1 Rg6+ 33.Kf1 Rf8 34.
Rd2 h6 35.Qd5 Rf4 36.Qa8+ Kh7 37.Qd8 Qh3+ 38.Ke2 Qh5+ 39.Kf1 Qxh2 40.Nd1 
Qh1+ 41.Ke2 Qf3+ 42.Kf1 Rfg4 0-1

[Event "57th POL-ch"]
[Site "Plock POL"]
[Date "2000.04.06"]
[Round "7"]
[White "Hnydiuk, Aleksander"]
[Black "Blehm, Pawel"]
[Result "0-1"]
[WhiteElo "2352"]
[BlackElo "2494"]
[EventDate "2000.03.31"]
[PlyCount "106"]

1.e4 c5 2.Nf3 d6 3.d4 cxd4 4.Nxd4 Nf6 5.Nc3 Nc6 6.Bc4 Qb6 7.Nb3 e6 8.O-O 
Be7 9.Be3 Qc7 10.f4 a6 11.Bd3 b5 12.a4 b4 13.Nb1 e5 14.f5 Bb7 15.N1d2 Nb8 
16.Qf3 Nbd7 17.c3 bxc3 18.Rfc1 d5 19.Rxc3 Qb8 20.exd5 Nxd5 21.Na5 Nxc3 22.
Nxb7 e4 23.Nxe4 Ne5 24.Qg3 Nxd3 25.Qxg7 Ne2+ 26.Kf1 Qxb7 27.Qxh8+ Kd7 28.
Nf6+ Bxf6 29.Qxf6 Re8 30.Rd1 Qe4 31.Qxa6 Nf4 32.Qa7+ Kd6 33.Qb6+ Ke5 34.
Qc7+ Kf6 35.Qd6+ Re6 36.Qd4+ Kxf5 37.Qxe4+ Rxe4 38.Bxf4 Rxf4+ 39.Ke2 Nxb2 
40.Rd5+ Kg6 41.a5 Ra4 42.Rc5 f6 43.g4 Nc4 44.h4 Ra2+ 45.Kd3 Ne5+ 46.Kc3 
Nxg4 47.Kb3 Ra1 48.Kb2 Rd1 49.a6 Rd7 50.Kb3 Ra7 51.h5+ Kf7 52.Rc6 Ne5 53.
Rd6 Ke7 0-1

[Event "57th POL-ch"]
[Site "Plock POL"]
[Date "2000.04.06"]
[Round "7"]
[White "Urban, Klaudiusz"]
[Black "Gdanski, Jacek"]
[Result "0-1"]
[WhiteElo "2467"]
[BlackElo "2535"]
[EventDate "2000.03.31"]
[PlyCount "110"]

1.d4 g6 2.c4 Bg7 3.Nf3 c5 4.d5 d6 5.g3 e6 6.Nc3 exd5 7.Nxd5 Nc6 8.Bg2 Nge7
9.Nxe7 Qxe7 10.O-O O-O 11.Bf4 Ne5 12.Nxe5 dxe5 13.Be3 Rd8 14.Bd5 Be6 15.
Qb3 Bxd5 16.cxd5 b6 17.Rfd1 Rd6 18.a4 a5 19.Qc4 f5 20.Ra3 h5 21.Rb3 Kh7 
22.Rb5 Bh6 23.Bxh6 Kxh6 24.Rb3 e4 25.Re3 Rad8 26.f3 Qe5 27.fxe4 Re8 28.Rf1
Qd4 29.Qxd4 cxd4 30.Rd3 Rxe4 31.Rfd1 Rxe2 32.Rxd4 Rxb2 33.Rc1 Kg7 34.Rc6 
Rxc6 35.dxc6 Rc2 36.Rd7+ Kf6 37.c7 Ke6 38.Rg7 Kd6 39.Rxg6+ Kxc7 40.Rg5 Ra2
41.Rxh5 Rxa4 42.Rxf5 Rg4 43.Kf2 a4 44.Ke3 Kc6 45.Kd3 b5 46.Rf4 Rxf4 47.
gxf4 Kd5 48.h4 b4 49.h5 a3 50.Kc2 Kc4 51.h6 b3+ 52.Kb1 Kc3 53.h7 a2+ 54.
Ka1 b2+ 55.Kxa2 Kc2 0-1

[Event "57th POL-ch"]
[Site "Plock POL"]
[Date "2000.04.06"]
[Round "7"]
[White "Grabarczyk, Miroslaw"]
[Black "Grabarczyk, Bogdan"]
[Result "1/2-1/2"]
[WhiteElo "2522"]
[BlackElo "2394"]
[EventDate "2000.03.31"]
[PlyCount "37"]

1.d4 f5 2.c4 Nf6 3.Nf3 g6 4.g3 Bg7 5.Bg2 O-O 6.b3 Ne4 7.O-O d6 8.Bb2 Nc6 
9.Nbd2 Nxd2 10.Qxd2 e5 11.d5 Ne7 12.Rac1 f4 13.Ng5 Nf5 14.Ne6 Bxe6 15.dxe6
c6 16.gxf4 exf4 17.Bxg7 Nxg7 18.Rfd1 Qg5 19.Kh1 1/2-1/2

[Event "57th POL-ch"]
[Site "Plock POL"]
[Date "2000.04.06"]
[Round "7"]
[White "Czerwonski, Aleksander"]
[Black "Markowski, Tomasz"]
[Result "0-1"]
[WhiteElo "2414"]
[BlackElo "2531"]
[EventDate "2000.03.31"]
[PlyCount "78"]

1.d4 d5 2.c4 e6 3.Nf3 Nf6 4.Nc3 c6 5.Bg5 h6 6.Bxf6 Qxf6 7.e3 Nd7 8.Bd3 
dxc4 9.Bxc4 g6 10.O-O Bg7 11.e4 O-O 12.e5 Qe7 13.Qe2 Rd8 14.a3 b6 15.Rad1 
Bb7 16.Rfe1 a6 17.Ba2 a5 18.Qe3 Rab8 19.h4 b5 20.Rd2 b4 21.axb4 axb4 22.
Ne4 c5 23.dxc5 Bxe4 24.Qxe4 Nxc5 25.Rxd8+ Qxd8 26.Qc4 Qa5 27.Bb1 b3 28.Rc1
Nd7 29.Bxg6 Nxe5 30.Nxe5 Qxe5 31.Bd3 Qxb2 32.Rb1 Qd2 33.Qc7 Rf8 34.Qd6 Qc3
35.Qg3 b2 36.Qf3 Rd8 37.Be4 Qxf3 38.Bxf3 Rc8 39.Be4 f5 0-1

[Event "57th POL-ch"]
[Site "Plock POL"]
[Date "2000.04.07"]
[Round "8"]
[White "Macieja, Bartlomiej"]
[Black "Markowski, Tomasz"]
[Result "1/2-1/2"]
[WhiteElo "2558"]
[BlackElo "2531"]
[EventDate "2000.03.31"]
[PlyCount "84"]

1.e4 e5 2.Nf3 Nc6 3.Bc4 Nf6 4.d3 h6 5.c3 d6 6.O-O g6 7.d4 Qe7 8.Nbd2 Bg7 
9.Re1 O-O 10.h3 Nh7 11.Nf1 exd4 12.Nxd4 Ne5 13.Bb3 Nf6 14.Ng3 c5 15.Nde2 
b6 16.Nf4 c4 17.Bc2 Bb7 18.Be3 Rad8 19.Nd5 Nxd5 20.exd5 Qh4 21.Ne2 Rfe8 
22.Nd4 Re7 23.Qd2 Rde8 24.f4 Nd3 25.Nf3 Qh5 26.Bxd3 cxd3 27.Qxd3 Bxd5 28.
Nd2 Bb7 29.Nf1 Re6 30.Bf2 Qa5 31.Rxe6 Rxe6 32.Ne3 Qa4 33.Qc4 Qe8 34.Re1 
Be4 35.Qe2 Qc6 36.Qd2 Qa4 37.a3 Qb5 38.Nf1 Qc4 39.Bd4 Bxd4+ 40.Qxd4 Qxd4+ 
41.cxd4 h5 42.Kf2 Kf8 1/2-1/2

[Event "57th POL-ch"]
[Site "Plock POL"]
[Date "2000.04.07"]
[Round "8"]
[White "Kempinski, Robert"]
[Black "Czerwonski, Aleksander"]
[Result "1/2-1/2"]
[WhiteElo "2528"]
[BlackElo "2414"]
[EventDate "2000.03.31"]
[PlyCount "122"]

1.d4 d6 2.Nf3 Bg4 3.c4 Nd7 4.Nc3 e5 5.d5 Be7 6.e3 Ngf6 7.h3 Bh5 8.g4 Bg6 
9.Nh4 Ne4 10.Nxg6 Nxc3 11.Qc2 fxg6 12.Qxc3 Bh4 13.Bg2 O-O 14.O-O Qe7 15.c5
Nxc5 16.b4 Na4 17.Qc2 Qd7 18.Bd2 Rf7 19.Be4 Raf8 20.f3 a6 21.Kg2 b5 22.Be1
Qd8 23.Bg3 Nb6 24.a4 bxa4 25.Rac1 Bxg3 26.Kxg3 Nd7 27.Qxc7 Qxc7 28.Rxc7 
Nf6 29.Rc4 Nxe4+ 30.Rxe4 g5 31.Rc4 Rb7 32.e4 Rfb8 33.Rc6 Rxb4 34.Rxd6 a3 
35.Rxa6 Rb3 36.Rf2 Rd3 37.Ra7 Rbb3 38.Rf1 h6 39.Rf2 Kh7 40.Rf1 Rb2 41.Rf2 
Rbb3 42.Kg2 Kg6 43.Kg3 Kf6 44.Kg2 g6 45.Kg3 Rdc3 46.Rf1 Rb2 47.Rf2 Rb1 48.
Ra2 Rf1 49.Rf2 Re1 50.Kg2 Rb3 51.Kg3 Rc3 52.Kg2 h5 53.Ra6+ Kf7 54.Ra7+ Ke8
55.Rd2 Ree3 56.d6 Red3 57.Rxd3 Rxd3 58.gxh5 gxh5 59.h4 gxh4 60.Re7+ Kd8 
61.Rxe5 h3+ 1/2-1/2

[Event "57th POL-ch"]
[Site "Plock POL"]
[Date "2000.04.07"]
[Round "8"]
[White "Blehm, Pawel"]
[Black "Urban, Klaudiusz"]
[Result "0-1"]
[WhiteElo "2494"]
[BlackElo "2467"]
[EventDate "2000.03.31"]
[PlyCount "48"]

1.e4 d6 2.d4 Nf6 3.Nc3 Nc6 4.Nf3 g6 5.Be3 Bg7 6.Qd2 Bg4 7.h3 Bxf3 8.gxf3 
O-O 9.O-O-O e5 10.d5 Nd4 11.Bxd4 exd4 12.Ne2 c5 13.dxc6 bxc6 14.Nxd4 Qb6 
15.c3 Rfb8 16.Qc2 Rb7 17.Nb3 Ne8 18.Kb1 a5 19.Nc1 Rab8 20.Nd3 Nc7 21.Ka1 
Ne6 22.Rb1 Nc5 23.Nc1 a4 24.a3 Qa5 0-1

[Event "57th POL-ch"]
[Site "Plock POL"]
[Date "2000.04.07"]
[Round "8"]
[White "Socko, Bartosz"]
[Black "Hnydiuk, Aleksander"]
[Result "1-0"]
[WhiteElo "2556"]
[BlackElo "2352"]
[EventDate "2000.03.31"]
[Annotator "Filipowicz"]
[PlyCount "51"]

1.e4 c5 2.Nf3 Nc6 3.d4 cxd4 4.Nxd4 e6 5.Nc3 a6 6.Be3 Nf6 7.Nxc6 bxc6 8.e5 
Nd5 9.Nxd5 cxd5 10.Bd3 d6 11.f4 g6 12.O-O Bg7 13.Bd4 O-O 14.c3 Bd7 15.Qe2 
Qb8 16.Bxa6 dxe5 17.fxe5 Rxa6 18.Qxa6 Bb5 19.Qd6 Bxf1 20.Qxb8 Rxb8 21.Kxf1
Rxb2 22.a4 Rb8 23.a5 f6 24.exf6 Bxf6 25.Bxf6 Rf8 26.Ke2 
    ( 26.Ke2 Rxf6 27.Rf1 {+-} )
1-0

[Event "57th POL-ch"]
[Site "Plock POL"]
[Date "2000.04.08"]
[Round "9"]
[White "Kuczynski, Robert"]
[Black "Macieja, Bartlomiej"]
[Result "1/2-1/2"]
[WhiteElo "2451"]
[BlackElo "2558"]
[EventDate "2000.03.31"]
[PlyCount "52"]

1.e4 c6 2.d4 d5 3.Nd2 dxe4 4.Nxe4 Nd7 5.Bd3 Ngf6 6.Ng5 e6 7.N1f3 Bd6 8.Qe2
h6 9.Ne4 Nxe4 10.Qxe4 Qc7 11.Bd2 b6 12.O-O-O Bb7 13.Qe2 O-O-O 14.Rhe1 c5 
15.Ba6 Bxa6 16.Qxa6+ Kb8 17.Qc4 cxd4 18.Qxc7+ Kxc7 19.Nxd4 a6 20.Nf3 Nf6 
21.Ne5 Bxe5 22.Rxe5 Kb7 23.Re3 Rd7 24.Bc3 Rxd1+ 25.Kxd1 Nd5 26.Rg3 Nxc3+ 
1/2-1/2

[Event "57th POL-ch"]
[Site "Plock POL"]
[Date "2000.04.08"]
[Round "9"]
[White "Hnydiuk, Aleksander"]
[Black "Krasenkow, Michal"]
[Result "0-1"]
[WhiteElo "2352"]
[BlackElo "2661"]
[EventDate "2000.03.31"]
[PlyCount "60"]

1.e4 c6 2.d4 d5 3.exd5 cxd5 4.Bd3 Nc6 5.c3 Qc7 6.Ne2 Bg4 7.f3 Bd7 8.Na3 a6
9.O-O e5 10.Nc2 Bd6 11.Qe1 Nge7 12.Qh4 h5 13.Kh1 O-O-O 14.Be3 Rde8 15.Rae1
f6 16.Qf2 h4 17.c4 exd4 18.Ncxd4 Bg3 19.Qg1 Bxe1 20.Rxe1 Ne5 21.Bf4 g5 22.
Bxe5 Qxe5 23.c5 Nc6 24.Rd1 h3 25.g3 Qe3 26.Qxe3 Rxe3 27.Kg1 Ne5 28.Nc1 
Nxf3+ 29.Kf2 Rxd3 30.Nxd3 Nxd4 0-1

[Event "57th POL-ch"]
[Site "Plock POL"]
[Date "2000.04.08"]
[Round "9"]
[White "Urban, Klaudiusz"]
[Black "Socko, Bartosz"]
[Result "1-0"]
[WhiteElo "2467"]
[BlackElo "2556"]
[EventDate "2000.03.31"]
[PlyCount "85"]

1.d4 Nf6 2.c4 g6 3.Nc3 Bg7 4.e4 d6 5.f4 O-O 6.Nf3 c5 7.d5 e6 8.Be2 exd5 9.
cxd5 Re8 10.e5 dxe5 11.fxe5 Ng4 12.Bg5 Qa5 13.O-O Nxe5 14.d6 Be6 15.Nd5 
Nbd7 16.Nc7 Qb6 17.Kh1 Nc6 18.Qd2 Rac8 19.Nxe8 Rxe8 20.Bf4 c4 21.Rab1 Qc5 
22.Be3 Qb4 23.Qxb4 Nxb4 24.Bd2 Bf5 25.Bxc4 Bxb1 26.Rxb1 Nc6 27.b4 Nde5 28.
Nxe5 Nxe5 29.Bd5 Rd8 30.Bxb7 Rxd6 31.Be3 Nc4 32.Bc5 Rd2 33.a4 Bd4 34.h3 h5
35.Rc1 Nb2 36.a5 Nd3 37.Bxd4 Nxc1 38.Bxa7 Ne2 39.a6 Nc3 40.Be3 Rd1+ 41.Kh2
Nb5 42.Bc6 Nc7 43.a7 1-0

[Event "57th POL-ch"]
[Site "Plock POL"]
[Date "2000.04.08"]
[Round "9"]
[White "Grabarczyk, Miroslaw"]
[Black "Blehm, Pawel"]
[Result "1/2-1/2"]
[WhiteElo "2522"]
[BlackElo "2494"]
[EventDate "2000.03.31"]
[PlyCount "21"]

1.d4 Nf6 2.c4 g6 3.Nf3 Bg7 4.g3 O-O 5.Bg2 d6 6.O-O Nc6 7.Nc3 a6 8.h3 Rb8 
9.e4 b5 10.cxb5 axb5 11.e5 1/2-1/2

[Event "57th POL-ch"]
[Site "Plock POL"]
[Date "2000.04.08"]
[Round "9"]
[White "Jaracz, Pawel"]
[Black "Gdanski, Jacek"]
[Result "1-0"]
[WhiteElo "2490"]
[BlackElo "2535"]
[EventDate "2000.03.31"]
[PlyCount "167"]

1.e4 e6 2.d4 d5 3.Nd2 c5 4.exd5 exd5 5.Ngf3 Nc6 6.Bb5 cxd4 7.Qe2+ Qe7 8.
Nxd4 Qxe2+ 9.Kxe2 Bd7 10.N2f3 Bd6 11.Rd1 Nge7 12.Be3 a6 13.Bd3 Nb4 14.Kf1 
Rc8 15.Ne1 O-O 16.c3 Nxd3 17.Nxd3 Ng6 18.Kg1 Rfe8 19.Rd2 f6 20.Nb3 Bc6 21.
Bc5 Bc7 22.Nb4 Bf4 23.Rdd1 Re2 24.Rab1 Bd7 25.Nd4 Ree8 26.Bb6 Ne7 27.Re1 
Bd6 28.a3 Kf7 29.f3 Ra8 30.Nb3 a5 31.Nd3 Be5 32.Ndc5 Bc6 33.Nd3 Bb5 34.
Ndc5 Bc6 35.Nd3 a4 36.Nd4 Ng6 37.Bc5 Bc7 38.Nf5 Ne5 39.Nxe5+ Rxe5 40.Kf2 
Ra5 41.Bb4 Bb6+ 42.Nd4 Ra8 43.Bd6 Rae8 44.Kf1 Bxd4 45.cxd4 Bb5+ 46.Kf2 
Re2+ 47.Rxe2 Rxe2+ 48.Kg1 Bd3 49.Rd1 Bc4 50.Bb4 Rxb2 51.Re1 Be2 52.Rc1 Bc4
53.Re1 Kg6 54.Re7 Ba6 55.Rc7 h5 56.Bf8 Kf5 57.Rxg7 Kf4 58.h4 Ke3 59.Bc5 b6
60.Be7 Rb1+ 61.Kh2 Kxd4 62.Bxf6+ Kc4 63.g4 hxg4 64.fxg4 d4 65.Rc7+ Kd5 66.
h5 d3 67.Bg5 Ke6 68.Re7+ Kd6 69.Re8 Kc7 70.h6 d2 71.Bxd2 Bd3 72.Bb4 Kc6 
73.Re3 Rb2+ 74.Kg3 Rb3 75.Kf4 Bb1 76.Re1 Kb5 77.g5 Bg6 78.Re6 Rxb4+ 79.
axb4 a3 80.Re1 Kxb4 81.Ke5 a2 82.Ra1 Ka3 83.Kf6 b5 84.Kxg6 1-0

[Event "57th POL-ch"]
[Site "Plock POL"]
[Date "2000.04.08"]
[Round "9"]
[White "Czerwonski, Aleksander"]
[Black "Grabarczyk, Bogdan"]
[Result "0-1"]
[WhiteElo "2414"]
[BlackElo "2394"]
[EventDate "2000.03.31"]
[PlyCount "68"]

1.d4 f5 2.g3 Nf6 3.Bg2 g6 4.c3 Bg7 5.Qb3 Nc6 6.Nd2 d5 7.Nh3 e5 8.dxe5 Nxe5
9.Nf3 Nc4 10.Nf4 c6 11.Qc2 Ne4 12.Nd4 Qe7 13.O-O O-O 14.b3 Ncd6 15.Bb2 g5 
16.Nd3 c5 17.Nf3 Be6 18.Rad1 Rac8 19.c4 dxc4 20.bxc4 Nxc4 21.Bxg7 Qxg7 22.
Rc1 b5 23.Qb3 a6 24.a4 Rb8 25.axb5 axb5 26.Qa2 Rb6 27.h4 h6 28.hxg5 hxg5 
29.Ra1 b4 30.Nh2 b3 31.Qa7 b2 32.Qxg7+ Kxg7 33.Ra7+ Rf7 34.Rxf7+ Kxf7 0-1

[Event "57th POL-ch"]
[Site "Plock POL"]
[Date "2000.04.08"]
[Round "9"]
[White "Markowski, Tomasz"]
[Black "Kempinski, Robert"]
[Result "1-0"]
[WhiteElo "2531"]
[BlackElo "2528"]
[EventDate "2000.03.31"]
[PlyCount "117"]

1.g3 Nf6 2.Bg2 g6 3.c4 Bg7 4.Nc3 O-O 5.e4 Nc6 6.Nge2 d6 7.O-O e5 8.d3 Be6 
9.Nd5 Nd7 10.Be3 a5 11.d4 exd4 12.Nxd4 Nde5 13.Rc1 Nxd4 14.Bxd4 c6 15.Ne3 
c5 16.Bc3 Bh6 17.Qe2 Bxe3 18.Qxe3 Nxc4 19.Qh6 f6 20.f4 Qe7 21.b3 Nb6 22.f5
Bf7 23.Rcd1 Nd7 24.fxg6 hxg6 25.Qf4 Ra6 26.Bxf6 Nxf6 27.Qxf6 Re8 28.Qf4 b5
29.Rf2 c4 30.bxc4 bxc4 31.Rdf1 Rf8 32.Qh6 Rb6 33.Rf6 d5 34.Rxb6 Qc5+ 35.
Kh1 Qxb6 36.exd5 c3 37.Qf4 Qc5 38.d6 g5 39.Qf5 Qxf5 40.Rxf5 Re8 41.d7 Rd8 
42.Bc6 g4 43.Rxa5 Be6 44.Rc5 Bxd7 45.Bd5+ Kg7 46.Rxc3 Bf5 47.Bb3 Be4+ 48.
Kg1 Kf6 49.Kf2 Bf5 50.Re3 Rh8 51.Kg1 Rd8 52.Re2 Rc8 53.Kf2 Rc3 54.Ke1 Rf3 
55.Rf2 Re3+ 56.Kd2 Rd3+ 57.Kc1 Rc3+ 58.Bc2 Rf3 59.Rxf3 1-0

[Event "57th POL-ch"]
[Site "Plock POL"]
[Date "2000.04.09"]
[Round "10"]
[White "Macieja, Bartlomiej"]
[Black "Kempinski, Robert"]
[Result "1-0"]
[WhiteElo "2558"]
[BlackElo "2528"]
[EventDate "2000.03.31"]
[PlyCount "209"]

1.e4 c5 2.Nc3 d6 3.f4 a6 4.Nf3 e6 5.g4 d5 6.d3 b5 7.Qe2 b4 8.Nd1 dxe4 9.
dxe4 Nf6 10.g5 Nfd7 11.c4 Nc6 12.e5 Bb7 13.Bg2 Qc7 14.Be3 Ne7 15.Nf2 h6 
16.gxh6 gxh6 17.Rg1 Rg8 18.O-O-O Nf5 19.Bh1 Rxg1 20.Nxg1 O-O-O 21.Be4 Bxe4
22.Nxe4 Be7 23.Ng3 Nxe3 24.Qxe3 Nb6 25.Rxd8+ Qxd8 26.b3 a5 27.Nf3 a4 28.
Ne4 Qc7 29.Nfd2 Nd7 30.Qg3 axb3 31.axb3 f5 32.exf6 Nxf6 33.Nxf6 Bxf6 34.
Qg8+ Kb7 35.Qxe6 Bc3 36.Qe4+ Ka7 37.Nf3 Qd6 38.Kc2 Kb6 39.h4 Qd7 40.f5 Qg7
41.Qe6+ Kc7 42.Qg6 Qe7 43.Kd3 Qd8+ 44.Ke2 Qe7+ 45.Kd3 Qd8+ 46.Ke2 Qe7+ 47.
Kf2 Qe4 48.Qf7+ Kc6 49.Qg6+ Kc7 50.Qf7+ Kc6 51.Qf8 Qf4 52.Qe8+ Kc7 53.Qe7+
Kc6 54.Qe6+ Kc7 55.Qe7+ Kc6 56.Qe6+ Kc7 57.Ke2 Qc1 58.Qe7+ Kc6 59.Qe4+ Kb6
60.Qe6+ Kc7 61.Qe7+ Kc6 62.Qe4+ Kb6 63.Qd3 Qf4 64.Qd8+ Kc6 65.Qd5+ Kb6 66.
Qd7 Qe4+ 67.Kf2 Qc2+ 68.Kg3 Qxb3 69.Qb5+ Kc7 70.Qxc5+ Kb7 71.Qe7+ Kb6 72.
Qe6+ Kb7 73.f6 Bxf6 74.Qf7+ Ka8 75.Qxf6 Qxc4 76.Qxh6 b3 77.h5 Qb5 78.Qh8+ 
Kb7 79.Qg7+ Ka6 80.Qg6+ Ka5 81.Nd2 b2 82.Nb1 Qe5+ 83.Kf3 Qe1 84.h6 Qd1+ 
85.Kf4 Qc1+ 86.Ke5 Qc5+ 87.Kf4 Qc1+ 88.Kf3 Qf1+ 89.Ke3 Qe1+ 90.Kd4 Kb5 91.
h7 Qb4+ 92.Kd3 Qc4+ 93.Kd2 Qc1+ 94.Ke2 Qh1 95.Qd3+ Kb6 96.Qb3+ Kc7 97.Qc3+
Kd6 98.h8=Q Qg2+ 99.Kd1 Qg4+ 100.Kc2 Qa4+ 101.Kxb2 Qb5+ 102.Kc1 Qf1+ 103.
Kc2 Ke6 104.Qhe5+ Kf7 105.Qcc7+ 1-0

[Event "57th POL-ch"]
[Site "Plock POL"]
[Date "2000.04.09"]
[Round "10"]
[White "Blehm, Pawel"]
[Black "Jaracz, Pawel"]
[Result "1/2-1/2"]
[WhiteElo "2494"]
[BlackElo "2490"]
[EventDate "2000.03.31"]
[PlyCount "65"]

1.e4 c5 2.Nf3 d6 3.d4 cxd4 4.Nxd4 Nf6 5.Nc3 a6 6.Be3 e5 7.Nb3 Be6 8.f3 h5 
9.Qd2 Nbd7 10.O-O-O Qc7 11.Kb1 Be7 12.Nd5 Bxd5 13.exd5 Nb6 14.Bxb6 Qxb6 
15.g3 O-O 16.h4 Rfe8 17.Bh3 a5 18.a4 Qb4 19.Qxb4 axb4 20.Bf1 Bd8 21.Bb5 
Re7 22.Nd2 Bb6 23.Rh2 Bc5 24.Nb3 Bb6 25.Nd2 Bc5 26.Nb3 Bb6 27.Re2 Kf8 28.
Rd3 e4 29.fxe4 Rxe4 30.Rxe4 Nxe4 31.Nd2 Nxd2+ 32.Rxd2 g6 33.Re2 1/2-1/2

[Event "57th POL-ch"]
[Site "Plock POL"]
[Date "2000.04.09"]
[Round "10"]
[White "Socko, Bartosz"]
[Black "Grabarczyk, Miroslaw"]
[Result "1-0"]
[WhiteElo "2556"]
[BlackElo "2522"]
[EventDate "2000.03.31"]
[PlyCount "107"]

1.g3 Nf6 2.Bg2 d5 3.Nf3 g6 4.O-O Bg7 5.d3 O-O 6.Nbd2 c5 7.e4 e6 8.Re1 Nc6 
9.c3 b6 10.Qa4 Bb7 11.Nf1 d4 12.c4 e5 13.h4 Qc7 14.N3h2 Nh5 15.Bf3 Nf6 16.
Bg2 Nh5 17.Qd1 Rae8 18.Bd2 Qd7 19.a3 a5 20.Rb1 Ra8 21.Ng4 Kh8 22.Ngh2 Qc7 
23.Bh3 a4 24.Bg5 Bc8 25.Bxc8 Qxc8 26.b3 axb3 27.Rxb3 Ra6 28.Qe2 Qc7 29.
Reb1 Nb8 30.Nf3 Nd7 31.Ne1 Qc8 32.Ng2 Qe8 33.g4 Nhf6 34.Ng3 Ng8 35.Bd2 Qd8
36.f3 Bf6 37.g5 Be7 38.f4 f6 39.Qg4 exf4 40.Bxf4 Ne5 41.Bxe5 fxe5 42.Rf1 
Rxf1+ 43.Nxf1 Bd6 44.h5 gxh5 45.Qxh5 Ra7 46.Nh2 Rg7 47.Nf3 Bc7 48.Kf2 Ne7 
49.Ngh4 Qf8 50.Qg4 Rf7 51.Rb1 Rf4 52.Qh3 Rf7 53.Rh1 Qc8 54.Ng6+ 1-0

[Event "57th POL-ch"]
[Site "Plock POL"]
[Date "2000.04.10"]
[Round "11"]
[White "Hnydiuk, Aleksander"]
[Black "Macieja, Bartlomiej"]
[Result "0-1"]
[WhiteElo "2352"]
[BlackElo "2558"]
[EventDate "2000.03.31"]
[PlyCount "112"]

1.e4 c5 2.Nc3 g6 3.d4 cxd4 4.Qxd4 Nf6 5.Bb5 a6 6.e5 axb5 7.exf6 e6 8.Bf4 
Nc6 9.Qd2 Qxf6 10.Nf3 Bg7 11.Bd6 Qf5 12.O-O b4 13.Nd1 f6 14.Ne3 Qb5 15.a3 
bxa3 16.c4 Qh5 17.bxa3 b6 18.Rfb1 Qa5 19.Qxa5 bxa5 20.c5 Ba6 21.Nd2 Bf8 
22.Bxf8 Rxf8 23.Rb6 Ke7 24.Rab1 Rfc8 25.R1b2 Ra7 26.Ne4 Ne5 27.f4 Nd3 28.
Rd2 Nxc5 29.Nd6 Rc6 30.Rxc6 dxc6 31.Ndc4 a4 32.Rc2 Nd3 33.Na5 Rc7 34.g3 c5
35.Nd1 c4 36.Ne3 c3 37.Nac4 Bxc4 38.Rxc3 Nb2 39.Rc2 Kd6 40.Rxb2 Bd5 41.
Rb6+ Rc6 42.Rb4 Rc1+ 43.Kf2 Bc6 44.Rd4+ Kc5 45.Rd2 h5 46.Rc2+ Rxc2+ 47.
Nxc2 Be4 48.Nb4 Kc4 49.Ke3 Bf5 50.Kd2 Kb3 51.Na6 Kxa3 52.Kc3 Ka2 53.Nc5 a3
54.Nb3 Kb1 55.Nd2+ Kc1 56.Nb3+ Kd1 0-1

[Event "57th POL-ch"]
[Site "Plock POL"]
[Date "2000.04.10"]
[Round "11"]
[White "Grabarczyk, Miroslaw"]
[Black "Krasenkow, Michal"]
[Result "1/2-1/2"]
[WhiteElo "2522"]
[BlackElo "2661"]
[EventDate "2000.03.31"]
[PlyCount "132"]

1.d4 Nf6 2.c4 g6 3.g3 c5 4.d5 d6 5.Nc3 Bg7 6.Bg2 O-O 7.Nf3 a6 8.a4 e6 9.
O-O Re8 10.a5 exd5 11.cxd5 Nbd7 12.Nd2 b5 13.axb6 Nxb6 14.Qc2 Bd7 15.Nb3 
Nc4 16.Nd2 Nxd2 17.Bxd2 Bb5 18.Rfe1 Qb6 19.Ra3 c4 20.b3 Ng4 21.e3 Ne5 22.
Nxb5 axb5 23.Rxa8 Rxa8 24.bxc4 bxc4 25.Rb1 Qa6 26.Bc3 Qa3 27.Bxe5 Bxe5 28.
Qxc4 Kg7 29.Bf3 Ra4 30.Qb3 Qxb3 31.Rxb3 Ra2 32.Be4 Kf8 33.Bd3 Rb2 34.Ra3 
Ke7 35.h4 h5 36.Kf1 Bf6 37.Ra7+ Ke8 38.Ra5 Bd8 39.Ra8 Ke7 40.Ra7+ Ke8 41.
Ra4 Bb6 42.g4 hxg4 43.Rxg4 Bc5 44.h5 gxh5 45.Rh4 Kf8 46.Rxh5 Kg7 47.Rh3 
Rd2 48.Be4 Kg8 49.Rf3 Kg7 50.Rf5 Kf8 51.Bf3 Kg7 52.Bh5 f6 53.Be8 Rb2 54.
Bd7 Rb1+ 55.Kg2 Rb2 56.Rf3 Bb4 57.Be6 Bc3 58.Rg3+ Kf8 59.Rg8+ Ke7 60.Rg7+ 
Ke8 61.Rf7 Be5 62.Rc7 Ra2 63.Kf3 Kd8 64.Rg7 Ke8 65.Rg1 Kd8 66.Rf1 Ra1 
1/2-1/2

[Event "57th POL-ch"]
[Site "Plock POL"]
[Date "2000.04.10"]
[Round "11"]
[White "Czerwonski, Aleksander"]
[Black "Blehm, Pawel"]
[Result "0-1"]
[WhiteElo "2414"]
[BlackElo "2494"]
[EventDate "2000.03.31"]
[PlyCount "86"]

1.d4 Nf6 2.c4 g6 3.Nc3 Bg7 4.e4 d6 5.f3 O-O 6.Be3 a6 7.Qd2 Nbd7 8.Nge2 c5 
9.d5 b5 10.cxb5 Qa5 11.Nc1 axb5 12.Bxb5 Ba6 13.Bxa6 Qxa6 14.Bh6 Bxh6 15.
Qxh6 Ne5 16.Qd2 Nh5 17.Qe2 Nf4 18.Qxa6 Rxa6 19.O-O Nc4 20.Nd1 f5 21.g3 
Nh3+ 22.Kg2 Nd2 23.Re1 Ng5 24.exf5 Ngxf3 25.Rxe7 Rxf5 26.Nc3 Ne5 27.N1e2 
g5 28.Ng1 Ra8 29.Re1 Raf8 30.Re2 Ndc4 31.b3 Rf2+ 32.Rxf2 Ne3+ 33.Kh1 Rxf2 
34.Ne4 N5g4 35.Re8+ Kg7 36.Re7+ Kg6 37.Re6+ Kh5 38.Nh3 Rxh2+ 39.Kg1 Rxh3 
40.a4 Nf5 41.a5 Nxg3 42.a6 Ne2+ 43.Kf1 Nf4 0-1

[Event "57th POL-ch"]
[Site "Plock POL"]
[Date "2000.04.10"]
[Round "11"]
[White "Markowski, Tomasz"]
[Black "Gdanski, Jacek"]
[Result "1/2-1/2"]
[WhiteElo "2531"]
[BlackElo "2535"]
[EventDate "2000.03.31"]
[PlyCount "96"]

1.g3 g6 2.Bg2 Bg7 3.c4 c5 4.Nc3 Nc6 5.Nf3 e5 6.a3 f5 7.d3 Nge7 8.O-O O-O 
9.Rb1 d6 10.Bd2 a5 11.Nd5 Nxd5 12.cxd5 Nd4 13.Nxd4 cxd4 14.Qb3 f4 15.Bf3 
Bh3 16.Rfc1 Rf7 17.Rc4 Qf8 18.gxf4 Bh6 19.Rbc1 Bxf4 20.Bxf4 Rxf4 21.Qxb7 
Rb8 22.Qa7 Rf7 23.Rc7 Rxc7 24.Rxc7 Rxb2 25.Rb7 Rxb7 26.Qxb7 Qc8 27.Qxc8+ 
Bxc8 28.h4 Kf7 29.Kg2 Kf6 30.Kg3 g5 31.Be4 h6 32.Bf3 Bd7 33.Be4 Bc8 34.Bg2
Bf5 35.Bf3 Bd7 36.Be4 Ba4 37.Kg4 Bd7+ 38.Kg3 Be8 39.Kg4 gxh4 40.Kxh4 Bg6 
41.Bf3 Ke7 42.Bh5 Bf7 43.Bf3 Kd7 44.Kg4 Bg6 45.Be4 Be8 46.Kf5 Kc7 47.Bf3 
Bd7+ 48.Kg6 Kb6 1/2-1/2

[Event "57th POL-ch"]
[Site "Plock POL"]
[Date "2000.04.10"]
[Round "11"]
[White "Kempinski, Robert"]
[Black "Grabarczyk, Bogdan"]
[Result "1-0"]
[WhiteElo "2528"]
[BlackElo "2394"]
[EventDate "2000.03.31"]
[PlyCount "69"]

1.d4 e6 2.c4 f5 3.Nc3 Nf6 4.f3 Bb4 5.Bd2 O-O 6.a3 Bxc3 7.Bxc3 b6 8.e3 Bb7 
9.Qd2 a5 10.Nh3 a4 11.Bd3 Nc6 12.O-O Na5 13.Rae1 Nb3 14.Qc2 c5 15.d5 exd5 
16.cxd5 Bxd5 17.e4 Bc6 18.Nf4 b5 19.e5 Nd5 20.Nxd5 Bxd5 21.Bxf5 b4 22.
Bxh7+ Kh8 23.Bd2 bxa3 24.bxa3 Nxd2 25.Qxd2 Bxf3 26.Bb1 Bh5 27.Rxf8+ Qxf8 
28.Qg5 Qe8 29.Qf5 g6 30.Qf6+ Kg8 31.Ba2+ Kh7 32.g4 Bxg4 33.Bf7 Qf8 34.
Qxg6+ Kh8 35.Re4 1-0

[Event "57th POL-ch"]
[Site "Plock POL"]
[Date "2000.04.11"]
[Round "12"]
[White "Macieja, Bartlomiej"]
[Black "Grabarczyk, Bogdan"]
[Result "1-0"]
[WhiteElo "2558"]
[BlackElo "2394"]
[EventDate "2000.03.31"]
[PlyCount "71"]

1.e4 e6 2.d4 d5 3.Nc3 Bb4 4.e5 c5 5.a3 Bxc3+ 6.bxc3 Qc7 7.Qg4 f5 8.Qh5+ g6
9.Qd1 Nd7 10.h4 h6 11.Rh3 Nb6 12.a4 Bd7 13.a5 Na4 14.Bd2 Ne7 15.Qb1 Qxa5 
16.Qxb7 Rc8 17.c4 Qd8 18.cxd5 Rb8 19.Qxa7 Ra8 20.Qb7 Rb8 21.Qa7 Ra8 22.Qb7
Rb8 23.Qa6 Ra8 24.Qe2 Nxd5 25.Rha3 cxd4 26.Nf3 Kf7 27.Qc4 Ndb6 28.Qxd4 Qc7
29.Bd3 Bc6 30.Qd6 Qc8 31.h5 gxh5 32.Bxf5 Rg8 33.Nd4 exf5 34.e6+ Ke8 35.
Nxc6 Qb7 36.Rd3 1-0

[Event "57th POL-ch"]
[Site "Plock POL"]
[Date "2000.04.11"]
[Round "12"]
[White "Gdanski, Jacek"]
[Black "Kempinski, Robert"]
[Result "1/2-1/2"]
[WhiteElo "2535"]
[BlackElo "2528"]
[EventDate "2000.03.31"]
[PlyCount "83"]

1.e4 c5 2.Nc3 d6 3.f4 a6 4.Nf3 e6 5.d4 cxd4 6.Nxd4 Qc7 7.a4 Nf6 8.Bd3 Nc6 
9.Nf3 Nb4 10.O-O d5 11.e5 Bc5+ 12.Kh1 Ng4 13.Qe2 h5 14.Na2 Nxd3 15.cxd3 
Bd7 16.d4 Ba7 17.b3 Rc8 18.Ba3 Qc2 19.Qxc2 Rxc2 20.Rfc1 Rxc1+ 21.Rxc1 Bc6 
22.Nb4 Kd7 23.Nd3 Rc8 24.Kg1 Ne3 25.Kf2 Nf5 26.Nc5+ Ke8 27.a5 Rc7 28.g3 
Bb5 29.h3 Ne7 30.g4 b6 31.axb6 Bxb6 32.Rg1 hxg4 33.hxg4 Kf8 34.f5 exf5 35.
gxf5 Kg8 36.f6 Ng6 37.fxg7 Kxg7 38.Ke3 Bxc5 39.dxc5 Bd7 40.Nd4 Rc8 41.Bb2 
Kh7 42.Rh1+ 1/2-1/2